[Event "Penang op-B 14th"]
[Site "Penang"]
[Date "2022.12.24"]
[Round "9"]
[White "Tan, Rui Ze"]
[Black "Chong, Kean Foong"]
[Result "1/2-1/2"]
[WhiteElo "1115"]
[BlackElo "1438"]
[PlyCount "138"]
[EventDate "2022.12.19"]
[EventType "swiss"]
[EventRounds "9"]
[EventCountry "MAS"]
[SourceTitle "EXT 2024"]
[Source "ChessBase"]
[SourceDate "2023.10.10"]
[SourceVersion "1"]
[SourceVersionDate "2023.10.10"]
[SourceQuality "1"]

1. e4 d5 2. exd5 Nf6 3. d4 Qxd5 4. Nc3 Qd6 5. Nf3 Bg4 6. h3 Bh5 7. g4 Bg6 8. Nb5 Qd8 9. Bg2 c6 10. Nc3 e6 11. Bf4 Bd6 12. Ne5 Qc7 13. Qe2 Nbd7 14. 0-0-0 0-0-0 15. Kb1 Nd5 16. Nxd5 exd5 17. Nxg6 Bxf4 18. Nxh8 Rxh8 19. Rhe1 Nf6 20. Qe7 Bd6 21. Qxc7+ Kxc7 22. Re2 g5 23. Bf3 h5 24. gxh5 Nxh5 25. Bxh5 Rxh5 26. Re3 Kd7 27. Rde1 a5 28. c3 b5 29. b3 Rh6 30. Kc2 Rf6 31. R1e2 Rh6 32. Kd1 Rh5 33. Rf3 Bf4 34. Ke1 Kd6 35. b4 a4 36. Kf1 Kd7 37. Kg2 Kd8 38. Re1 Kd7 39. Re2 f6 40. Re1 Rh6 41. Rfe3 Rh4 42. f3 Bd6 43. Rd1 Rh7 44. Re2 f5 45. Rh1 Rh4 46. Ree1 Bf4 47. Re2 Rh7 48. Rhe1 Rg7 49. Rh1 Rh7 50. Rhe1 Bd6 51. Rh1 Rh4 52. Rf1 Rh6 53. Rh1 Rg6 54. Rf1 Kc7 55. Rfe1 g4 56. fxg4 fxg4 57. hxg4 Rxg4+ 58. Kf1 Rg3 59. Re3 Rg7 60. Rf3 Kd7 61. Ree3 Rh7 62. Rh3 Rf7+ 63. Ke2 Rg7 64. Rhf3 Rg2+ 65. Rf2 Rg7 66. Ref3 Ke7 67. Re3+ Kd7 68. Ref3 Ke7 69. Re3+ Kd7 1/2-1/2